000 00932nam a2200193Ii 4500
003 JO-AjNU
008 230605s9999||||xx |||||||||||||| ||und||
040 _aJO-AjNU
_bara
_erda
_cJO-AjNU
041 _aara
050 1 4 _aQA76 2016
100 3 _aاعداد محمد عقله حامد المزاهره، حسين حسن محمد القضاه؛ اشراف محمد بني يونس، ياسر الشرع ,
_eauthor
_958305
245 0 0 _aتراسل البيانات عبر الانترنت = Data Communication Via Messenger
264 3 1 _aعجلون: جامعة عجلون الوطنيه، 2016
300 _a42ص
_bمشروع تخرج جامعة عجلون الوطنيه ( عجلون ، الاردن) كلية تكنولوجيا المعلومات ، 2016
336 _atext
_btxt
_2rdacontent
337 _aunmediated
_bn
_2rdamedia
338 _avolume
_bnc
_2rdacarrier
650 4 _aالحاسب - شيكات - تراسل
_958306
999 _aA26176
_c29744
_d29744